Trường Sơn - Đường Hồ Chí Minh huyền thoại
Guardat en:
| Autor principal: | |
|---|---|
| Format: | Llibre |
| Idioma: | Undetermined |
| Publicat: |
Thành phố Hồ Chí Minh
Trẻ
2004
|
| Matèries: | |
| Etiquetes: |
Afegir etiqueta
Sense etiquetes, Sigues el primer a etiquetar aquest registre!
|
| Thư viện lưu trữ: | Trung tâm Học liệu Trường Đại học Cần Thơ |
|---|
| LEADER | 00601nam a2200193Ia 4500 | ||
|---|---|---|---|
| 001 | CTU_94451 | ||
| 008 | 210402s9999 xx 000 0 und d | ||
| 020 | |c 40000 | ||
| 082 | |a 959.7043 | ||
| 082 | |b Ph561/T.1 | ||
| 100 | |a Nguyễn, Việt Phương | ||
| 245 | 0 | |a Trường Sơn - Đường Hồ Chí Minh huyền thoại | |
| 245 | 0 | |c Nguyễn Việt Phương | |
| 260 | |a Thành phố Hồ Chí Minh | ||
| 260 | |b Trẻ | ||
| 260 | |c 2004 | ||
| 650 | |a Vietnamese conflict, 1961-1975 | ||
| 904 | |i Trúc | ||
| 980 | |a Trung tâm Học liệu Trường Đại học Cần Thơ | ||